<?xml version="1.0" encoding="UTF-8"?><marc:collection xmlns:marc="http://www.loc.gov/MARC21/slim">
  <marc:record>
    <marc:leader>00000nam##2200000za#4500</marc:leader>
    <marc:controlfield tag="001">9.680435</marc:controlfield>
    <marc:controlfield tag="003">CaOODSP</marc:controlfield>
    <marc:controlfield tag="005">20200421163639</marc:controlfield>
    <marc:controlfield tag="007">ta</marc:controlfield>
    <marc:controlfield tag="008">150407|1997||||xxc|||||     f|0| 0 fre|d</marc:controlfield>
    <marc:datafield tag="020" ind1=" " ind2=" ">
      <marc:subfield code="a">0-662-82896-8</marc:subfield>
    </marc:datafield>
    <marc:datafield tag="040" ind1=" " ind2=" ">
      <marc:subfield code="a">CaOODSP</marc:subfield>
      <marc:subfield code="b">fre</marc:subfield>
    </marc:datafield>
    <marc:datafield tag="043" ind1=" " ind2=" ">
      <marc:subfield code="a">n-cn---</marc:subfield>
    </marc:datafield>
    <marc:datafield tag="086" ind1="1" ind2=" ">
      <marc:subfield code="a">NH15-210/1997F</marc:subfield>
    </marc:datafield>
    <marc:datafield tag="110" ind1="2" ind2=" ">
      <marc:subfield code="a">Société canadienne d'hypothèques et de logement.</marc:subfield>
    </marc:datafield>
    <marc:datafield tag="245" ind1="1" ind2="0">
      <marc:subfield code="a">Obstacles posés par la réglementation à la réutilisation de l'eau locale / </marc:subfield>
      <marc:subfield code="c">Préparé par l'Association canadienne des eaux potables et usées. </marc:subfield>
    </marc:datafield>
    <marc:datafield tag="260" ind1=" " ind2=" ">
      <marc:subfield code="b">Société canadienne d'hypothèques et de logement </marc:subfield>
      <marc:subfield code="c">1997.</marc:subfield>
    </marc:datafield>
    <marc:datafield tag="300" ind1=" " ind2=" ">
      <marc:subfield code="a">iii, 53p. en pagination multiple. : </marc:subfield>
      <marc:subfield code="b">références, tableaux ; </marc:subfield>
      <marc:subfield code="c">28 cm.</marc:subfield>
    </marc:datafield>
    <marc:datafield tag="500" ind1=" " ind2=" ">
      <marc:subfield code="a">«Le présent rapport est le fruit d'une enquête sur les obstacles posés par la réglementation à la mise en oeuvre de programmes de réutilisation de l'eau locale au Canada. Les auteurs se sont penchés sur la réglementation en matière de santé et d'environnement, ainsi que sur les codes de plomberie et du bâtiment, et les règlements municipaux. Ces obstacles sont décrits au niveau national et par province ou territoire, avec quelques exemples municipaux à l'appui. Le rapport conclut qu'il n'existe pas d'obstacle absolu à la réutilisation de l'eau locale au Canada. On y discute aussi des conséquences des obstacles perçus.»--Résumé.</marc:subfield>
    </marc:datafield>
    <marc:datafield tag="520" ind1="3" ind2=" ">
      <marc:subfield code="a">Le présent rapport est le fruit d'une enquête sur les obstacles posés par la réglementation à la mise en oeuvre de programmes de réutilisation de l'eau locale au Canada. Les auteurs se sont penchés sur la réglementation en matière de santé et d'environnement, ainsi que sur les codes de plomberie et du bâtiment, et les règlements municipaux. Ces obstacles sont décrits au niveau national et par province ou territoire, avec quelques exemples municipaux à l'appui. Le rapport conclut qu'il n'existe pas d'obstacle absolu à la réutilisation de l'eau locale au Canada. On y discute aussi des conséquences des obstacles perçus.--Résumé</marc:subfield>
    </marc:datafield>
    <marc:datafield tag="563" ind1=" " ind2=" ">
      <marc:subfield code="a">Couverture souple</marc:subfield>
    </marc:datafield>
    <marc:datafield tag="590" ind1=" " ind2=" ">
      <marc:subfield code="a">98-17</marc:subfield>
      <marc:subfield code="b">1998-04-24</marc:subfield>
    </marc:datafield>
    <marc:datafield tag="691" ind1="0" ind2="7">
      <marc:subfield code="a">Gestion de l'eau</marc:subfield>
      <marc:subfield code="2">gcpds</marc:subfield>
    </marc:datafield>
    <marc:datafield tag="775" ind1="0" ind2="8">
      <marc:subfield code="t">Regulatory barriers to on-site water reuse / </marc:subfield>
      <marc:subfield code="w">(CaOODSP)9.646945</marc:subfield>
    </marc:datafield>
    <marc:datafield tag="776" ind1="0" ind2="#">
      <marc:subfield code="t">Obstacles posés par la réglementation à la réutilisation de l'eau locale </marc:subfield>
      <marc:subfield code="w">(CaOODSP)9.846904</marc:subfield>
    </marc:datafield>
  </marc:record>
</marc:collection>
